|
|
|
|
| LEADER |
01901nam a2200445 4500 |
| 001 |
ocn953234448 |
| 003 |
OCoLC |
| 005 |
20180501122031.0 |
| 006 |
m o d |
| 007 |
cr |n||||||||| |
| 008 |
160708s2016 xx o 000 0 eng d |
| 040 |
|
|
|a IDEBK
|b eng
|e pn
|c IDEBK
|d YDXCP
|d N$T
|d OPELS
|d N$T
|d UIU
|d OCLCF
|d OCLCQ
|d MERUC
|d CNCGM
|d OCLCQ
|d GrThAP
|
| 019 |
|
|
|a 953412444
|a 1029301235
|a 1031949068
|
| 020 |
|
|
|a 0128096187
|q (electronic bk.)
|
| 020 |
|
|
|a 9780128096185
|q (electronic bk.)
|
| 020 |
|
|
|a 0128093862
|
| 020 |
|
|
|a 9780128093863
|
| 035 |
|
|
|a (OCoLC)953234448
|z (OCoLC)953412444
|z (OCoLC)1029301235
|z (OCoLC)1031949068
|
| 050 |
|
4 |
|a QP552.M44
|
| 072 |
|
7 |
|a SCI
|x 007000
|2 bisacsh
|
| 082 |
0 |
4 |
|a 572/.696
|2 23
|
| 049 |
|
|
|a TEFA
|
| 245 |
0 |
0 |
|a Ubiquitination and Transmembrane Signaling /
|c edited by Sudha K. Shenoy.
|
| 260 |
|
|
|a UNITED STATES :
|b Academic Press,
|c 2016.
|
| 300 |
|
|
|a 1 online resource (431 pages).
|
| 336 |
|
|
|a text
|b txt
|2 rdacontent
|
| 337 |
|
|
|a computer
|b c
|2 rdamedia
|
| 338 |
|
|
|a online resource
|b cr
|2 rdacarrier
|
| 490 |
1 |
|
|a Progress in molecular biology and translational science ;
|v volume 141
|
| 588 |
0 |
|
|a Print version record.
|
| 520 |
|
|
|a Progress in Molecular Biology and Translational Science provides a forum for discussion of new discoveries, approaches, and ideas in molecular biology. It contains contributions from leaders in their fields and abundant references.
|
| 650 |
|
0 |
|a Membrane proteins.
|
| 650 |
|
0 |
|a Ubiquitin.
|
| 650 |
|
7 |
|a SCIENCE
|x Life Sciences
|x Biochemistry.
|2 bisacsh
|
| 650 |
|
7 |
|a Membrane proteins.
|2 fast
|0 (OCoLC)fst01015850
|
| 650 |
|
7 |
|a Ubiquitin.
|2 fast
|0 (OCoLC)fst01160282
|
| 655 |
|
4 |
|a Electronic books.
|
| 700 |
1 |
|
|a Shenoy, Sudha K.
|
| 830 |
|
0 |
|a Progress in molecular biology and translational science ;
|v v. 141.
|
| 856 |
4 |
0 |
|u https://www.sciencedirect.com/science/bookseries/18771173/141
|z Full Text via HEAL-Link
|